00236 a2200109 4500001000700000020000600007040001100013100001800024240004000042245003500082362000900117161536 a  cMagnum aCesar, Jasiel10aA revolucao silenciosa do votolpor10aA revolucao silenciosa do voto0 a1899